[Event "BL2-West 9596"]
[Site "Germany"]
[Date "1996.??.??"]
[Round "?.1"]
[White "Chuchelov, Vladimir"]
[Black "Dautov, Rustem"]
[Result "1/2-1/2"]
[WhiteElo "2510"]
[BlackElo "2615"]
[Annotator "Dautov,R"]
[PlyCount "40"]
[EventDate "1995.10.??"]
[EventType "team-tourn"]
[EventRounds "9"]
[EventCountry "GER"]
[SourceTitle "CBM 052"]
[Source "ChessBase"]
[SourceDate "1996.06.01"]
[SourceVersion "1"]
[SourceVersionDate "1996.06.01"]
[SourceQuality "1"]
[WhiteTeam "Andernach"]
[BlackTeam "St Ingbert"]
[WhiteTeamCountry "GER"]
[BlackTeamCountry "GER"]

1. Nf3 Nf6 2. c4 c6 3. d4 d5 4. e3 Bf5 5. Nc3 e6 6. Nh4 Be4 7. f3 Bg6 8. Qb3
Qb6 $146 (8... Qc7 9. Bd2 Nbd7 10. cxd5 (10. O-O-O dxc4 11. Bxc4 b5 12. Be2 a6
{/\c5}) (10. Rc1 Rc8 $10) 10... exd5 11. O-O-O {/\e4}) 9. Nxg6 hxg6 10. Bd2 (
10. c5 $2 Qc7 11. e4 dxe4 (11... Nbd7 $6 12. e5 Nxc5 13. dxc5 Qxe5+ 14. Ne2
Bxc5 15. Bf4 $16) 12. fxe4 (12. Bf4 $2 Qxf4 13. Qxb7 exf3 14. Qxa8 (14. gxf3
Qh4+ 15. Ke2 Qxd4 16. Qxa8 Qe5+ 17. Kd1 Bxc5 $17) 14... Ne4 $1 15. Nxe4 Qxe4+
16. Kf2 Qxd4+ 17. Kxf3 Qxb2 18. Bd3 Bxc5 $19) 12... Nbd7 {/\e5} 13. e5 Nxe5 14.
dxe5 Qxe5+ 15. Ne2 O-O-O 16. Bf4 Qxc5 $17) 10... Nbd7 (10... Bd6 $5 11. O-O-O
Qxb3 12. axb3 Rxh2 13. Rxh2 Bxh2 14. f4 Nbd7 (14... Bg3 15. Be2 {/\Rh1-h3}) (
14... g5 15. fxg5 Nh7 16. e4 $36) 15. Be2 O-O-O 16. Rh1 Rh8 17. g4 (17. Bf3 Rh6
18. g4 Bg3) (17. Be1 Rh6 18. g3 Ne4 19. Nxe4 dxe4 20. Kd1 f5 21. Bf2 Nf6 22.
Ke1 $2 Bxg3 $1 $19) 17... Ne4 18. Nxe4 dxe4 19. b4 $44 {ץh2}) 11. O-O-O Qxb3
12. axb3 Bd6 13. h3 a6 (13... Nh5 $5 14. Bd3 Ng3 15. Rhe1 O-O 16. cxd5 (16. e4
dxe4 17. fxe4 e5 18. d5 Bc5 19. Ne2 Nxe2+ 20. Rxe2 a5 $10) 16... cxd5 (16...
exd5 17. e4 dxe4 18. fxe4 $14) 17. e4 dxe4 18. fxe4 e5 19. Nb5 Be7 $13) 14. Bd3
Rc8 15. c5 $6 (15. Kb1 {>=} c5 16. cxd5 (16. g4 Nb6) 16... exd5 17. dxc5 Bxc5 (
17... Nxc5 18. Bc2 Ke7 19. Bc1 $14 {><d5}) 18. e4 $1 (18. Na4 Ba7 19. Rc1 O-O
$10) 18... Ne5 (18... dxe4 19. Nxe4 $14) 19. Bc2 d4 20. Bf4 Nxf3 21. gxf3 dxc3
22. bxc3 $14) 15... Bc7 $10 16. b4 (16. f4 Ba5 17. Kb1 Bxc3 18. bxc3 Ne4 $10)
16... e5 17. g4 Kf8 18. Rdf1 Re8 (18... g5 19. Kc2 Re8 20. Be1 g6 21. h4 $10)
19. h4 Re7 20. Kc2 Kg8 1/2-1/2

[Event "Dortmund"]
[Site "Dortmund"]
[Date "1992.??.??"]
[Round "1"]
[White "Salov, Valery"]
[Black "Bareev, Evgeny"]
[Result "1-0"]
[WhiteElo "2655"]
[BlackElo "2635"]
[Annotator "Dautov,R"]
[PlyCount "65"]
[EventDate "1992.04.16"]
[EventType "tourn"]
[EventRounds "9"]
[EventCountry "GER"]
[EventCategory "17"]
[SourceTitle "CBM 029"]
[Source "ChessBase"]
[SourceDate "1992.08.01"]
[SourceVersion "1"]
[SourceVersionDate "1992.08.01"]
[SourceQuality "1"]

1. d4 {Hertneck} d5 2. c4 c6 3. Nf3 Nf6 4. e3 Bf5 5. cxd5 cxd5 6. Qb3 Qc7 7.
Bd2 e6 8. Bb5+ Nc6 9. Bb4 Bxb4+ (9... Bd6 10. Qa3 Ke7 $1 11. Bxc6 bxc6 12. Nc3
(12. Bxd6+ {Hertneck} Qxd6 13. Ne5 c5 14. Nc3 Rhc8 15. Rc1 cxd4 16. Qxd6+ Kxd6
17. exd4 Ke7 $15 {Brenninkmeijer,J-Dreev,A, Groningen 1991}) (12. Ne5 c5 13.
Bxc5 Bxc5 14. Qxc5+ Qxc5 15. dxc5 Rhc8 $17) 12... Nd7 13. Rc1 Rab8 14. Bxd6+
Qxd6 15. Qxd6+ Kxd6 16. Na4 Rhc8 17. b3 c5 18. Nxc5 Nxc5 19. dxc5+ Rxc5 20.
Rxc5 Kxc5 21. Nd4 Bg6 22. Kd2 $10 {Mohr,S-Hertneck,G BL9192 Bayern-Solingen})
10. Qxb4 Qe7 (10... Nd7 $1 11. Bxc6 (11. Qa3 Nxd4 $1) 11... Qxc6 12. Nc3 a5 13.
Qb5 (13. Qa3 b5) 13... Qxb5 14. Nxb5 Ke7 15. Kd2 Rhc8 {1/2:1/2 Solozhenkin,
E-Bagirov,V Jyvaskyla 1991}) 11. Bxc6+ bxc6 12. Qxe7+ Kxe7 13. Nc3 Nd7 14. Na4
f6 (14... Rhc8 15. Rc1 Kd6 16. Nc5 $5 (16. Ke2 Bg4 17. Rc3 e5 18. dxe5+ Nxe5
19. h3 Bxf3+ 20. gxf3 {Andersson,U-Timman,J Tilburg 1990} Rab8 $10) 16... Nxc5
17. Rxc5 Rab8 18. b3 Rb5 19. Rc3 c5 (19... Ra5 $5 20. a4 f6 $10) 20. O-O $14) (
14... Rhc8 15. Rc1 Rab8 16. b3 Rb5 17. Nh4 Bg4 (17... Bg6 $5) 18. h3 Bh5 19. f4
$1 f6 20. g4 Be8 21. Rh2 $16 {Pahtz,T-Dreev,A Berlin op 1991}) (14... Be4 {
Hertneck} 15. Rc1 Bxf3 16. gxf3 {1/4 Vaganjan,R-Dolmatov,S, URS-ch 1989}) 15.
Rc1 Nb6 $6 (15... Rhc8) (15... Rhc8 {Hertneck /\ Nb6, a5}) 16. Nc5 a5 (16... g5
{Hertneck} 17. Na6 $16) 17. Nh4 Bg4 $2 (17... a4 $2 18. g4 Bxg4 19. Rg1 $16) (
17... Rhc8 $142 18. Nxf5+ exf5 19. a4 (19. Ke2 a4 20. Rc2 Nc4 $132) 19... Nd7
20. b3 Rab8 21. Nxd7 Kxd7 22. Rc3 $16) (17... a4 {Hertneck /\ Rhb8, Nc4}) 18.
h3 Bh5 19. Nxe6 $1 Kxe6 20. Rxc6+ Kd7 21. Rxb6 $18 Rhb8 22. Rxb8 Rxb8 23. b3 a4
24. g4 axb3 25. axb3 Rxb3 26. Ke2 Rb2+ 27. Kf3 Bf7 (27... Bg6 28. Nxg6 hxg6 29.
Ra1 Rb7 30. h4 Ke6 31. Ra6+ Ke7 32. Kf4 $18) 28. Nf5 g6 29. Nh6 Be6 30. Ra1 Rb7
31. h4 g5 (31... Ke7 32. Kf4 $18 {/\g5}) 32. hxg5 fxg5 33. Rh1 (33. Rh1 Ke7 34.
Nf5+ Bxf5 35. gxf5 Kf6 36. Kg4 Rb2 37. Rxh7 Rxf2 38. Rh6+ Kf7 39. Kxg5 Rf3 40.
Rh7+ $18) 1-0

[Event "EU-ch 2nd"]
[Site "Ohrid"]
[Date "2001.06.05"]
[Round "5"]
[White "Dautov, Rustem"]
[Black "Grabarczyk, Miroslaw"]
[Result "1-0"]
[WhiteElo "2631"]
[BlackElo "2506"]
[Annotator "Dautov,R"]
[PlyCount "67"]
[EventDate "2001.06.01"]
[EventType "swiss"]
[EventRounds "13"]
[EventCountry "YUG"]
[SourceTitle "CBM 084"]
[Source "ChessBase"]
[SourceDate "2001.09.13"]
[SourceVersion "1"]
[SourceVersionDate "2001.09.13"]
[SourceQuality "1"]

1. d4 d5 2. c4 c6 3. Nf3 Nf6 4. e3 Bf5 5. Nc3 e6 6. Nh4 {Diese Variante
erfreut sich in letzter Zeit großer Beliebheit. Weiß tauscht den Läufer f5 ab
und kann mit seinem Läuferpaar und flexiblen Bauernzentrum auf
Eröffnungsvorteil hoffen.} Bg4 (6... Be4 {ist hier die populärste Fortsetzung.}
) 7. Qb3 Qb6 8. h3 Bh5 9. g4 Bg6 10. Nxg6 hxg6 11. g5 {Die Hauptvariante ist
11.Bg2. Mit dem Textzug klärt Weiß die Position des Nf6, um das Zentrum mit
e3-e4 öffnen zu können.} Nfd7 ({Im Falle von} 11... Ng8 {ist} 12. e4 dxe4 13.
Nxe4 {wegen} Na6 (13... Qxd4 $5 14. Qxb7 $36) 14. Be3 Qb4+ {weniger klar (der
Springer g8 hat ein schönes Feld f5 in Sicht), aber Weiß kann 12.c5!? Qc7 13.
e4 versuchen.}) ({Nach} 11... Nh5 $2 {gerät der Springer vollkommen ins
Abseits:} 12. e4 dxe4 13. Be3 Nd7 14. O-O-O Be7 15. Bg2 Qc7 16. Bxe4 Nf4 17. h4
Nb6 18. Kb1 Rd8 19. Bf3 Rd7 20. Ne4 $16 Nh5 21. Bxh5 $1 gxh5 22. g6 f5 23. Ng5
$18 Bxg5 24. Bxg5 Qc8 25. Rhe1 {1-0 Malaniuk,V-Diu,V/Tomsk 2001}) 12. e4 $1 {
Prinzipiell gespielt. Weiß ist bereit, einen Bauern zu opfern.} ({Auch die
ruhige Entwicklung führt zu leichtem weißen Vorteil:} 12. Bd2 Be7 13. f4 Na6
14. cxd5 exd5 15. Qc2 Nb4 16. Qa4 a5 17. a3 Na6 18. Qc2 Nc7 19. Rc1 Ne6 20. Be2
Ndf8 21. h4 Bd6 22. Bg4 Qc7 23. Kf2 $14 {Ehlvest,J-Golubovic,B/Pula 1997})
12... dxe4 13. Be3 Qxb3 ({Die andere Bauernverteidigung} 13... Rh4 14. Bg2 Bb4
{erweist sich als untauglich:} 15. O-O-O Bxc3 16. Qxc3 {(Es droht d4-d5)} Qa6
17. Kb1 Nb6 (17... f5 $2 18. gxf6 gxf6 19. d5 cxd5 20. cxd5 {führt zum weißen
Angriff.}) 18. b3 N8d7 19. Bc1 f5 (19... O-O-O 20. Rhe1 $16) 20. gxf6 gxf6 21.
Rhe1 O-O-O 22. Rxe4 $16) 14. axb3 Bb4 15. Bg2 Rh4 16. Ke2 $1 {Die richtige
Entscheidung. Der weiße König findet einen guten Platz auf g3, von wo aus er
den schwarzen Turm h4 verdrängen wird. Beide Rochaden waren weniger
überzeugend.} (16. O-O-O Bxc3 17. bxc3 Na6 18. f3 (18. Rhe1 f5 19. gxf6 gxf6
20. Bd2 f5 $13) 18... exf3 19. Bxf3 O-O-O $13) (16. O-O Bxc3 17. bxc3 Na6 18.
f3 exf3 19. Rxf3 Ke7 20. Raf1 f6 21. gxf6+ gxf6 $13) 16... Bxc3 17. bxc3 Na6
18. f3 exf3+ 19. Kxf3 {Weiß droht 20.Kg3 und 21.Bxc6.} Nc7 {Der einzige Zug.} (
19... Rc8 $2 20. Kg3 Rh8 21. b4 Nb6 22. b5 Nb8 23. Rxa7 Nxc4 24. Bf4 $16) 20.
Kg3 Rh5 21. Bf3 Rh8 22. Bf4 Kd8 {Erneut erzwungen. Weiß hat für den geopferten
Bauern eine prächtige Stellung erhalten. Seine beiden Läufer sind aktiv und
seine Bauern mobil. Die schwarzen Figuren sind auf die letzten drei Reihen
abgedrängt und passiv, keiner der Springer kann problemlos das Wunschfeld f5
erreichen. Der Plan von Weiß besteht in Vorbereitung des Zentrumsdurchbruchs
d4-d5, kombiniert mit dem Druck gegen die Schwäche f7.} 23. Rhe1 $1 (23. Rhf1 {
erlaubt Schwarz eine günstige Rückgabe des Bauern:} e5 $1 24. dxe5 Ne6 25. Bg4
Ke7) 23... a6 (23... a5 $2 {/\Nb6,a4 Dieser Versuch des aktiven Gegenspiels
scheiterte.} 24. Re2 Nb6 25. Rea2 a4 26. c5 Nbd5 27. Bd2 Kd7 28. Rxa4 $16) (
23... Re8 24. Bd6 $44) 24. Rad1 Rc8 {Schwarz versucht, passiv auszuharren.} ({
Nach} 24... a5 25. d5 ({oder} 25. Ra1 $5) 25... cxd5 26. cxd5 Nxd5 27. Bxd5
exd5 28. Rxd5 {bekommt Weiß einen starken Druck auf den offenen Linien, z.B.}
b6 29. Be3 (29. Be5 $5 $14) 29... Kc7 30. Red1 Rad8 (30... Nf8 31. Rd6) 31.
Bf4+ Kc8 32. b4 $1 $16) ({Auch} 24... Nb6 {hilft nicht:} 25. d5 $1 cxd5 26.
cxd5 exd5 27. Be3 Nc8 28. Bxd5 Nxd5 29. Rxd5+ Kc7 30. Rc5+ Kb8 31. Bd4 $16) 25.
Kg2 Re8 26. h4 $1 {Während sich Schwarz mit großer Anstrengung gegen d4-d5
wehrt, kann Weiß an die Eröffnung einer weiteren Front denken. Bei der
weiteren Passivität meines Gegners plante ich 27.h5 gxh5 28.Bxh5 g6 29.Bf3,
wonach der Bauer f7 endgültig geschwächt wäre, und Weiß die offene h-Linie
nutzen könnte. Es kam aber nicht so weit, Grabarczyk startete in der
beginnenden Zeitnot mit seinem König einen Fluchtversuch} Ke7 $6 {, und ging
schnell unter:} 27. d5 cxd5 28. cxd5 Kd8 $2 ({Besser war in jedem Fall das
konsequente} 28... Kf8 29. dxe6 Nxe6 30. Rxe6 Rxe6 31. Rxd7 Rxc3 32. Bd5 (32.
Rxb7 $16) 32... Re2+ 33. Kf1 Rcc2 34. Rxf7+ Ke8 35. Rc7 Rf2+ 36. Kg1 Rxc7 37.
Bxc7 Rc2 38. Bb6 $16) 29. d6 $1 Nd5 30. Bd2 $1 {Wahrscheinlich hat Grabarczyk
diesen giftigen Zug übersehen.Der Läufer strebt nach a5, plötzlich ist der
schwarze König in Mattgefahr. Es gibt keine Rettung mehr.} Nxc3 (30... b5 31.
c4 $1 bxc4 32. Ba5+ N5b6 33. bxc4 Rc5 34. Ra1 $18 {, und die Drohung Reb1
entscheidet.}) 31. Rc1 $1 Nb5 (31... Na2 32. Rxc8+ Kxc8 33. Ra1 {, und der
Springer geht verloren.}) 32. Bxb7 Rxc1 (32... Nxd6 33. Bxc8 Nxc8 34. Ba5+ Ke7
35. Bb4+ Kd8 36. Rc6 $18) 33. Ba5+ Nb6 34. Rxc1 1-0

[Event "Astrakhan FIDE GP"]
[Site "Astrakhan"]
[Date "2010.05.14"]
[Round "5"]
[White "Wang, Yue"]
[Black "Eljanov, Pavel"]
[Result "0-1"]
[WhiteElo "2752"]
[BlackElo "2751"]
[Annotator "Eljanov,P"]
[PlyCount "106"]
[EventDate "2010.05.10"]
[EventType "tourn"]
[EventRounds "13"]
[EventCountry "RUS"]
[EventCategory "20"]
[SourceTitle "CBM 137"]
[Source "ChessBase"]
[SourceDate "2010.07.15"]
[SourceVersion "1"]
[SourceVersionDate "2010.07.15"]
[SourceQuality "1"]

{Not my best game from my best chess success at the moment, but it shows my
mood, my readiness to fight till the end.} 1. d4 d5 $5 2. Nf3 Nf6 3. c4 c6 4.
e3 Bf5 5. Nc3 e6 6. Nh4 Be4 7. f3 Bg6 8. Qb3 Qc7 9. Bd2 Be7 10. Nxg6 hxg6 11.
O-O-O a6 12. c5 {This was a little bit unexpected for me. According to my
database there has only been one game with this move - Levin-Korneev, 2008,
where the opponents immediately agreed a draw! I think it's little bit risky
to play it after castling queenside.} Nbd7 13. Na4 Rb8 $1 (13... e5 {is not
clear as after} 14. Kb1 {I don't see how to attack the white centre, but the
black king's position is rather vulnerable.}) 14. Bd3 ({After} 14. g3 {my
intention was} O-O 15. Kb1 b6 16. cxb6 Nxb6 17. Ba5 (17. Nxb6 Rxb6 18. Ba5 Rxb3
19. Bxc7 Rxe3 $15) 17... Nfd7 18. Rc1 Qa7 $1 {and looks like everything is
correct - in every line Black has good counterplay} 19. Rxc6 Nc4 20. Qc3 Qa8
21. Rc7 Nxa5 22. Rxd7 Bb4 23. Qc2 Rfc8 $132) 14... Rxh2 {A principled and good
move.} (14... O-O 15. Kb1 b6 16. cxb6 Nxb6 17. Nxb6 Rxb6 18. Ba5 $1) (14... b6
$5 {was also not bad} 15. cxb6 Nxb6 16. Nxb6 (16. Ba5 Nfd7 17. Kb1 Qa7) 16...
Rxb6 17. Ba5 Rxb3 18. Bxc7 Rb7 19. Ba5 Kd7 20. a3 Ra8 21. h4 Bd8 $11 {and
Black's position is very solid.}) 15. g4 Bd8 $4 {A terrible mistake, which is
difficult to explain. I had at least two decent possibilities:} (15... g5 {
I was worried because of} 16. Ba5 (16. Rdf1 b5 $5 17. cxb6 Nxb6 18. Ba5 Nfd7
$13) 16... Qg3 17. Rhg1 Qxf3 18. Bc7 Qxe3+ 19. Kb1 {but after} Rd2 $1 {Black
has a good game:} 20. Rxd2 Qxg1+ 21. Rd1 Qxg4 (21... Qxd4 $5 22. Bxb8 Nxb8 23.
Qxb7 Nfd7) 22. Bxb8 Nxb8 23. Bc2 Bd8 24. Qxb7 Qf4 25. Nc3 Qc7 26. Qb3 Nbd7 $15)
({I also saw} 15... Qg3 {, but wasn't sure about the black prospects. It looks
like White just has a draw and no more.} 16. Rxh2 Qxh2 17. Rf1 Kf8 18. Qd1 Kg8
19. Rh1 Qg2 20. Rg1 Qf2 21. Rf1 Qg2 $11) 16. g5 $1 {I just forgot about this
idea!} Nh5 17. f4 {Now I think Black is strategically lost. I have no space
and no counterplay.} Rxh1 18. Rxh1 Nf8 (18... Ng3 19. Rh8+ (19. Rh7 Nf5) 19...
Nf8 20. Qd1 Nf5 21. Qh1 $16) 19. Rg1 Qc8 20. Qc2 Bc7 21. Kb1 Ke7 22. Bc1 Qe8
23. b3 Nd7 24. Nc3 a5 {Desperate move. Probably more tenacious was a passive
defence, but still White has many possibilities to break through.} (24... Ra8
25. Ba3 Qg8 26. Ne2 Qe8 27. Rg2 Qg8 28. Ng1 Qe8 29. Nf3 Nf8 30. Nh4 Kd7 31. Qd1
Kc8 32. Be2 a5 {Here it's more to the point, but White is better anyway.}) 25.
Ba3 Ra8 26. Na4 Kf8 ({My engine proposed} 26... Qb8 27. Be2 Qa7 $5 {but I
don't believe in it. Maybe the engine will hold it, but for a human it's too
much!}) 27. Qh2 Ke7 28. Nb6 Ra7 (28... Rd8 29. Qd2 (29. Be2 Nxb6 30. cxb6+ Bd6
31. Bxd6+ Rxd6) 29... Nxb6 30. cxb6+ Bd6 31. Qxa5 $16) 29. Be2 $1 {Now it's
almost decisive.} Kd8 30. Bxh5 gxh5 31. Qxh5 g6 32. Qh7 Nxb6 33. cxb6 Bxb6 34.
Qg7 a4 {Last chance.} 35. Kb2 {Not bad, but after} (35. Rh1 axb3 36. Qf6+ $1
Kd7 37. Rh7 bxa2+ 38. Kxa2 Rxa3+ 39. Kxa3 Qe7+ 40. Kb3 {White is just winning.}
) 35... axb3 36. axb3 Rxa3 {Again the only move to continue the agony.} 37.
Kxa3 Kc7 38. Rh1 Qe7+ 39. Kb2 $2 {But this is a real mistake. After it I have
decent counterchances!} (39. Ka2 $1 Ba5 40. Rh7 Qb4 41. Qxf7+ Kb8 42. Rh2 {
and I have no Qc3+!} Qe1 43. Qxe6 Bc3 44. Qd6+ Ka7 45. Qc5+ Ka6 46. Qa3+ Kb6
47. b4 $1 $18) 39... Ba5 40. Rh7 Qb4 $1 {The last move before the time control
and the game is beginning a second time!} 41. Qxf7+ Kb8 42. Rh2 Qc3+ 43. Ka2
Bb4 $1 {Again the only move.} (43... Qxe3 44. Qf8+ (44. Qxg6 Bc3) 44... Ka7 45.
Qc5+ Ka6 46. b4 Bb6 47. b5+ $1 (47. Qc2 {also}) 47... cxb5 48. Qa3+ $18) 44.
Qe8+ Ka7 (44... Kc7 {was also possible. But the position is too complicated to
access even with the help of a computer. I saw that my king will be a bit
vulnerable after the text move because of some tricks in the a-file and the
a7-g1 diagonal, but still I chose this move.}) 45. Qxg6 Qxe3 46. Qc2 Bc3 47. g6
$2 ({Things are not clear after} 47. Re2 Qxd4 48. Rxe6 Qb4 49. Qc1 Kb6 $1 50.
g6 Qa5+ 51. Qa3 Qb5 52. Re3 d4 $132) (47. Rg2 $1 {was stronger. I have many
possibilities, but it looks like the only try to fight is connected with a
study-like idea!} Qe1 $1 (47... Bxd4 48. Qd2 $18) (47... Qf3 48. Rf2 Qh3 49.
Qd1 $1 (49. Rh2 Qf3) 49... Qg3 50. Qf3 Qg1 51. Rf1 Qh2+ 52. Qf2 Qh8 53. Rd1 {
This way White has to win the position.}) 48. Qb1 Qe3 49. g6 Qf3 50. Qg1 {
and here the fantastic:} c5 $3 51. g7 (51. dxc5 Bd4) (51. Qf2 Qd1 52. Rg1 Qd3)
(51. Rf2 Qd3 52. Qf1 Qxg6 53. dxc5 Qe4 54. Qc1 Qd3 $132) 51... Bxd4 52. g8=Q
Bxg1 53. Rxg1 (53. Qg4 Qxg4 54. Rxg4 Be3 $11) 53... Qe2+ 54. Ka1 Qa6+ 55. Kb1
Qd3+ {this is perpetual.}) 47... Qe1 (47... Bxd4 {more or less the same} 48.
Re2 (48. Qd2 Qg1 49. Rh1 Qxh1 50. Qxd4+ Ka6 51. g7 Qg2+ 52. Qb2 Qg6 {looks
like it`s draw}) 48... Qg1 49. b4) 48. b4 (48. Qb1 Qg3) 48... Bxd4 49. Qd3 Qg1
$2 {An unobvious mistake thanks to which... I won this game!} ({It was
necessary to put my bishop in a safer place:} 49... Bg7 {because of these
variations:} 50. Kb3 Kb8 51. Re2 (51. Ra2 Kc7) (51. Rh7 Qa1 52. Kc2 Qa4+ 53.
Kc1 Qa7 $1 {with sufficient counterplay.}) 51... Qa1 52. f5 exf5 53. Qg3+ Kc8
54. Qe1 Qf6 $1 {and I have a safe haven for my queen.}) 50. Re2 Kb8 51. Kb3 Qa1
52. f5 $1 exf5 53. Qxf5 $4 {A terrible blunder. White was very close to
victory.} (53. Qg3+ Kc8 54. Qe1 $1 {this is the point} Qxe1 55. Rxe1 Kd7 {
and it looks like Black is ok, but White is just in time to transfer his rook
into Black's camp.} 56. Kc2 (56. Re2 Bg7 57. Kc2 b6 58. Kd3 c5) 56... b6 (56...
Bg7 57. Re3) 57. Re3 $1 Bg7 58. Ra3 Ke7 59. Ra6 Bd4 60. Kd3 Bf2 61. Ra7+ Kf8
62. Rc7 c5 63. Rf7+ Kg8 64. Rxf5 {and White is winning.}) 53... Qc3+ 0-1

[Event "Hasselbacken op"]
[Site "Stockholm"]
[Date "2000.08.04"]
[Round "5"]
[White "Engqvist, Thomas"]
[Black "Hermansson, Emil"]
[Result "1/2-1/2"]
[WhiteElo "2350"]
[BlackElo "2380"]
[Annotator "Engqvist"]
[PlyCount "65"]
[EventDate "2000.07.31"]
[EventType "swiss"]
[EventRounds "9"]
[EventCountry "SWE"]
[SourceTitle "CBM 078"]
[Source "ChessBase"]
[SourceDate "2000.10.18"]
[SourceVersion "1"]
[SourceVersionDate "2000.10.18"]
[SourceQuality "1"]

1. d4 Nf6 2. Nf3 d5 3. c4 c6 4. e3 Bf5 5. Bd3 Bxd3 6. Qxd3 e6 7. O-O Nbd7 8.
Nc3 Bd6 9. e4 dxe4 10. Nxe4 Nxe4 11. Qxe4 O-O 12. Bg5 Be7 (12... Qa5 13. c5 Bc7
14. Be7 Rfe8 15. Ng5 g6 16. Qh4 h5 17. Ne4 $16) (12... Nf6 13. Qh4 h6 14. Be3
Be7 15. Qh3 $14 {Ilincic}) 13. Bxe7 (13. Bf4) (13. Bd2) 13... Qxe7 14. c5 $5
$146 {[%csl Rd6]} a5 $2 {[%csl Ra5,Rb6]} (14... e5 15. Qe3 $1 (15. Nxe5 $2 f6
16. Qh4 g5 $19)) (14... Nf6 $142 $13) 15. Rac1 (15. Rfe1) 15... Rfd8 16. Rfd1
f5 $2 {[%csl Re5,Re6]} (16... Nf6 17. Qe1 {[%csl Ra5][%cal Yc1c4,Yc4a4,Yd1d3,
Yd3a3]}) 17. Qe3 Nf6 18. Re1 Ne4 (18... Re8 19. Ng5 $140 $6 Qd7 20. Nxe6 {
[%cal Ye3b3]} a4 $1 (20... Nd5 21. Qe5 Re7 22. Qd6 $16) (20... Ne4 21. Ng5 $1)
21. Qe2 {[%cal Ye2c4]} Ne4 $11) 19. Ne5 (19. Rc4 $5) 19... Qg5 $2 (19... Rd5
$142) 20. Qb3 Qe7 21. f3 Nf6 (21... Ng5) 22. Rc4 Nd5 23. Ra4 Qh4 24. g3 Qg5 25.
Nc4 (25. f4) 25... h5 (25... f4 26. g4) 26. f4 (26. Qxb7 h4 27. Kf2 hxg3+ 28.
hxg3 f4) 26... Nxf4 27. h4 Qg4 28. Ne5 Ne2+ 29. Rxe2 $4 $138 (29. Kf2 $1 Nxd4
30. Qxb7 $1 (30. Qd3 Nf3 $3) 30... Qh3 31. Rxd4) (29. Kg2 $1 Qe4+ (29... Nf4+
30. Kf2 $18) (29... Nxd4 30. Qc4 $18) 30. Nf3 {[%cal Yg2f2]} Rxd4 31. Qxb7 Rad8
(31... Rxa4 32. Qxa8+ Kh7 33. Kf2 $18) 32. Rxd4 Rxd4 33. Kf2 $18) (29. Kh2 $4
Nxd4 {[%cal Yd4f3]}) 29... Qxe2 30. Qxe6+ Kh7 31. Qg6+ Kh8 32. Nf7+ Kg8 33.
Nh6+ 1/2-1/2